000 00352 a2200169 4500
001 175213
020 _a85-322-3740-1
040 _cMagnum
100 _aBonjorno, José Roberto
240 1 0 _aTemas de física, 1
_lpor
245 1 0 _aTemas de física, 1
300 _a480
362 0 _a1997
440 1 _aFTD
697 _aMECÂNICA
942 _cBK
999 _c175213
_d175213